| 000 | 01603nim a2200361 i 4500 | ||
|---|---|---|---|
| 001 | 197221 | ||
| 003 | ES-MaACL | ||
| 005 | 20250828062601.0 | ||
| 007 | ss lsnjlcipnne | ||
| 008 | 250424s1990 sp nnnn |||| 00| spa d | ||
| 040 |
_bspa _cES-MaACL |
||
| 100 | 0 |
_aMoreno García, Juan Manuel _983378 _eaut |
|
| 245 |
_aLuces y sombras de la genealogía _h[Grabación sonora] : _bconferencia / _cpor D. Juan Manuel Moreno García, preside D. Fernando del Arco |
||
| 260 |
_aMadrid : _bAteneo de Madrid, _c1990. |
||
| 300 |
_a1 casete (ca. 90 min) : _bson ; _c11 cm |
||
| 490 | 1 | _3Actos culturales en el Ateneo de Madrid | |
| 518 | _aGrabado el 21 de junio de 1990 en el Salón de Actos del Ateneo de Madrid. | ||
| 520 | _aConferencia de clausura del seminario de la agrupación ateneísta de estudios vexilológicos, heráldicos y genealógicos | ||
| 540 | _aDocumento inédito | ||
| 594 | _5Datos basados en la invitación. | ||
| 610 | 2 | 0 |
_aAteneo de Madrid- _xActos culturales- _y1990- _vGrabaciones sonoras _9240083 |
| 650 | 7 |
_aGenealogía- _xHistoria _vCongresos y asambleas _9240297 |
|
| 653 | _aArchivo de la palabra | ||
| 655 | 0 |
_aConferencias _9234444 |
|
| 700 | 1 |
_aArco y García, Fernando del, _epres _922508 _d1923-2020 |
|
| 710 | 2 |
_91875 _aAteneo de Madrid _ehis |
|
| 710 | 2 |
_91277 _aAgrupación Ateneísta de Estudios Vexilológicos, Heráldicos y Genealógicos (Madrid) _eclb |
|
| 830 | 0 |
_aActos culturales en el Ateneo de Madrid _9240237 |
|
| 852 |
_aES-MaACL _cDEPOZ _9205339 |
||
| 942 |
_2udc _n0 _cCINTASAUD |
||
| 999 |
_c197221 _d197221 |
||